ORGANIZATIONAL BEHAVIOR (Record no. 8943)

MARC details
000 -LEADER
fixed length control field 01255nam a22001697a 4500
003 - CONTROL NUMBER IDENTIFIER
control field SGT
020 ## - INTERNATIONAL STANDARD BOOK NUMBER
International Standard Book Number 9781259097430
082 ## - DEWEY DECIMAL CLASSIFICATION NUMBER
Classification number 658.4
100 ## - MAIN ENTRY--PERSONAL NAME
Personal name LUTHANS, FRED
245 ## - TITLE STATEMENT
Title ORGANIZATIONAL BEHAVIOR
250 ## - EDITION STATEMENT
Edition statement 12TH
260 ## - PUBLICATION, DISTRIBUTION, ETC. (IMPRINT)
Place of publication, distribution, etc NEW DELHI
Name of publisher, distributor, etc TMH
Year of Publication 2013
300 ## - PAGE DESCRIPTION
No. of Pages 574
650 ## - SUBJECT ADDED ENTRY--TOPICAL TERM
Topical term or geographic name as entry element MANAGEMENT
653 ## - KEYWORDS--INDEX TERM
Keyword term PART ONE: ENVIRONMENTAL AND ORGANIZATIONAL CONTENT CHAPTER 1 INTRODUCTION TO ORGANIZATIONAL BEHAVIOR: AN EVIDENCE-BASED APPROACH CHAPTER 2 ENVIRONMENTAL CONTEXT: GLOBALIZATION, DIVERSITY, AND ETHICS CHAPTER 3 ORGANIZATIONAL CONTEXT: DESIGN AND CULTURE CHAPTER 4 ORGANIZATIONAL CONTEXT: REWARD SYSTEMS PART TWO: COGNITIVE PROCESSES OF ORGANIZATIONAL BEHAVIOR CHAPTER 5 PERSONALITY, PERCEPTION, AND EMPLOYEE ATTITUDES CHAPTER 6 MOTIVATIONAL NEEDS, PROCESSES, AND APPLICATIONS CHAPTER 7 POSITIVE ORGANIZATIONAL BEHAVIOR AND PSYCHOLOGICAL CAPITAL PART THREE: DYNAMICS OF ORGANIZATIONAL BEHAVIOR CHAPTER 8 COMMUNICATION AND DECISION MAKING CHAPTER 9 STRESS AND CONFLICT CHAPTER 10 POWER AND POLITICS CHAPTER 11 GROUPS AND TEAMS PART FOUR: MANAGING AND LEADING FOR HIGH PERFORMANCE CHAPTER 12 BEHAVIORAL PERFORMANCE MANAGEMENT CHAPTER 13 EFFECTIVE LEADERSHIP PROCESSES CHAPTER 14 GREAT LEADERS: AN EVIDENCE-BASED APPROACH
942 ## - ADDED ENTRY ELEMENTS (KOHA)
Source of classification or shelving scheme Dewey Decimal Classification
Koha item type FCM Books

No items available.